000 00256nam a2200109Ia 4500
008 200302s9999 xx 000 0 und d
100 _aAnupam bansal and Other
245 _aArchitctural Map Delhi
260 _bDom Publishrs
260 _c2013
300 _a424
999 _c6301
_d6301